| 000 | 00785nam a2200133Ia 4500 | ||
|---|---|---|---|
| 008 | 171212s9999 xx 000 0 und d | ||
| 020 | _a9780833079091 | ||
| 100 | _aStraus, Susan G.;Shanley, Michael G.;Lytell, Maria C.;Crowley, James C.;Bana, Sarah H. | ||
| 245 |
_cStraus, Susan G.;Shanley, Michael G.;Lytell, Maria C.;Crowley, James C.;Bana, Sarah H. _aEnhancing Critical Thinking Skills for Army Leaders Using Blended-Learning Methods |
||
| 260 |
_bRAND Corporation _c2013 |
||
| 650 | _aBusiness | ||
| 650 | _aMilitary education -- Technological innovations -- United States; United States. Army -- Officers -- Training of; Blended learning -- United States; Distance education -- United States -- Computer-assisted instruction | ||
| 856 | _uwww.jstor.org/stable/10.7249/j.ctt4cgdsr | ||
| 999 |
_c352010 _d352010 |
||